Results of the 1983 World Programme of Industrial Statistics Hungary (Record no. 2467)

MARC details
000 -LEADER
fixed length control field 00446nam a22001697i 4500
001 - CONTROL NUMBER
control field 2491
003 - CONTROL NUMBER IDENTIFIER
control field OSt
005 - DATE AND TIME OF LATEST TRANSACTION
control field 20170126082306.0
007 - PHYSICAL DESCRIPTION FIXED FIELD--GENERAL INFORMATION
fixed length control field tu
008 - FIXED-LENGTH DATA ELEMENTS--GENERAL INFORMATION
fixed length control field 161220s1986 xxu||||| |||| 00| 0 d
024 7# - OTHER STANDARD IDENTIFIER
Standard number or code 2490
Source of number or code RID
040 ## - CATALOGING SOURCE
Transcribing agency OSt
242 00 - TRANSLATION OF TITLE BY CATALOGING AGENCY
Title Az 1983. Evi iparstatisztikaivolahprogram adatai magyar...
245 00 - TITLE STATEMENT
Title Results of the 1983 World Programme of Industrial Statistics Hungary
260 ## - PUBLICATION, DISTRIBUTION, ETC.
Place of publication, distribution, etc. Budapest,
Date of publication, distribution, etc. 1986.
300 ## - PHYSICAL DESCRIPTION
Extent 289 S. ;
Dimensions 30cm.
942 ## - ADDED ENTRY ELEMENTS (KOHA)
Koha item type Book
Holdings
Withdrawn status Lost status Damaged status Not for loan Home library Current library Shelving location Date acquired Inventory number Total Checkouts Full call number Barcode Date last seen Price effective from Koha item type
        WIIW WIIW Souterrain 08/21/1995 2491   II-4.459 302489 01/26/2017 01/26/2017 Book
The Vienna Instiute for International Economic Studies (wiiw)